Cultures in conflict : the Arab-Israeli conflict

Αποθηκεύτηκε σε:
Λεπτομέρειες βιβλιογραφικής εγγραφής
Κύριος συγγραφέας: Goldscheider, Calvin
Μορφή: Βιβλίο
Γλώσσα:English
Δημοσίευση: Westport, Connecticut : Greenwood Press, 2002
Σειρά:Greenwood Press cultures in conflict series
Θέματα:
Ετικέτες: Προσθήκη ετικέτας
Δεν υπάρχουν, Καταχωρήστε ετικέτα πρώτοι!

MARC

LEADER 00000cam a2200000 i 4500
001 1/63125
008 041019s2002 eng d
020 |a 0-313-30722-9 
035 |l 10074776 
040 |a GR-MY-UA  |b gre  |e aacr 
041 0 |a eng 
082 0 |a 305.80095694 
100 1 |a Goldscheider, Calvin. 
245 1 0 |a Cultures in conflict :  |b the Arab-Israeli conflict /  |c Calvin Goldscheider 
246 3 3 |a The Arab-Israeli conflict 
260 |a Westport, Connecticut :   |b Greenwood Press,   |c 2002 
300 |a 228 p. 
490 1 |a Greenwood Press cultures in conflict series 
504 |a Includes bibliographical references and index 
650 0 0 |a Arab-Israeli conflict. 
650 0 0 |a Palestinian Arabs  |z Israel. 
650 0 0 |a Refugees, Arab. 
651 0 |a Israel  |x Emigration and immigration. 
651 0 |a Israel  |x Ethnic relations. 
830 0 |a Greenwood Press cultures in conflict series 
852 |a INST  |b RHODES  |e 20041019  |h 305.80095694 GOL  |p 005400018406  |q 005400018406  |t BK  |y 0 
901 |a BIBL4-2004-3 
909 |a Ρ  |b 109970 
920 |a ΔΙΕΥΡΥΝΣΗ  |b ΕΠΕΑΕΚ ΙΙ-ΤΜΣ  |y ΡΟΔΟΣ  |z 2004-10 
970 |a ΚΟΥΛΑΚΙΟΤΗ  |b ΛΙΤΣΑ  |z 2004/10/18